Fifa 22 Top 50 Goalkeepers - Statistics

General Stats
  • This quiz has been taken 932 times
  • The average score is 31 of 50
Answer Stats
Rating Club Nation Player % Correct
89 Liverpool Brazil Alisson
98%
89 PSG Italy Gianluigi Donnarumma
98%
90 Bayern Munich Germany Manuel Neuer
98%
87 Tottenham Hotspur France Hugo Lloris
97%
91 Atletico Madrid Slovenia Jan Oblak
97%
90 FC Barcelona Germany Marc-Andre Ter Stegen
97%
89 Real Madrid Belgium Thibaut Courtois
97%
89 Manchester City Brazil Ederson
96%
88 PSG Costa Rica Keylor Navas
96%
84 Manchester United Spain David De Gea
93%
85 Leicester City Denmark Kasper Schmeichel
87%
84 Aston Villa Argentina Emiliano Martinez
86%
83 Everton England Jordan Pickford
86%
85 Borussia Monchengladbach Switzerland Yann Sommer
86%
83 Chelsea Senegal Edouard Mendy
85%
86 Inter Milan Slovenia Samir Handanovic
82%
83 Arsenal Germany Bernd Leno
80%
84 AC Milan France Mike Maignan
80%
87 Piemonte Calcio Poland Wojciech Szczesny
74%
83 Burnley England Nick Pope
72%
85 RB Leipzig Hungary Peter Gulacsi
68%
82 Roma FC Portugal Rui Patricio
68%
82 West Ham United Poland Lukasz Fabianski
66%
82 West Ham United France Alphonse Areola
64%
86 VFL Wolfsburg Belgium Koen Casteels
62%
83 Bayer Leverkusen Finland Lukas Hradecky
62%
82 FC Barcelona Brazil Norberto Neto
62%
82 Eintracht Frankfurt Germany Kevin Trapp
60%
82 Athletic Bilbao Spain Unai Simon
60%
82 Sevilla FC Morocco Yassine Bounou
58%
81 Galatasaray Uruguay Fernando Muslera
57%
81 Olympique Marseille France Steve Mandanda
53%
82 Olympique Lyon Portugal Anthony Lopes
52%
81 Newcastle United Slovakia Martin Dubravka
49%
82 Dinamo Zagreb Croatia Dominik Livakovic
45%
81 Valencia CF Netherlands Jasper Cillessen
45%
81 SL Benfica Greece Odysseas Vlachodimos
36%
82 TSG Hoffenheim Germany Oliver Baumann
35%
82 Tottenham Hotspur Italy Pierluigi Gollini
33%
83 Villarreal CF Spain Sergio Asenjo
33%
82 Genoa Italy Salvatore Sirigu
30%
81 Real Betis Portugal Rui Silva
23%
81 Sporting CP Spain Antonio Adan
22%
81 Bergamo Calcio Argentina Juan Musso
22%
81 Olympiacos Czech Republic Tomas Vaclik
22%
81 Real Sociedad Spain Alex Remiro
21%
81 Sassuolo Italy Andrea Consigli
18%
81 Getafe CF Spain David Soria
18%
81 Cagliari Italy Alessio Cragno
14%
81 Levante UD Spain Aitor
13%
No matching quizzes found
Score Distribution
Percent of People with Each Score
Percentile by Number Answered
Your Score History
You have not taken this quiz